000 00592nam a2200181 i 4500
001 36226
003 ES-MaACL
005 20230906155328.0
007 t|
008 030217s1971 sp ||||1| spa d
100 1 _aBriggs, Hilton M.
_931721
245 1 0 _aRazas modernas de animales /
_cHilton M. Briggs ; traducido por Pedro Ducar Maluenda ; con la asistencia de Dinus M. Briggs.
260 _aZaragoza :
_bAcribia,
_c[1971]
300 _a747 p. :
_bil. ;
_c24 cm.
700 1 _aDucar Maluenda, Pedro.
_945803
700 1 _aBriggs, Dinus M.
_931720
852 _aES-MaACL
_jC-42193
_bR.79957
999 _c36226
_d36226